تحميل...
Building Quality Software
| المؤلف الرئيسي: | |
|---|---|
| التنسيق: | Printed Book |
| منشور في: |
Prentice Hall
1992
|
| LEADER | 00412nam a2200133 4500 | ||
|---|---|---|---|
| 020 | |a 0-13-086695-4 | ||
| 082 | |a 005 | ||
| 100 | |a Glass, Robert L | ||
| 245 | |a Building Quality Software |c Robert L Glass |h [Text] | ||
| 260 | |b Prentice Hall |c 1992 | ||
| 300 | |a 283p. | ||
| 942 | |c BK | ||
| 999 | |c 82276 |d 82276 | ||
| 952 | |0 0 |1 0 |4 0 |6 005_000000000000000 |7 0 |9 74432 |a SOCS |b SOCS |d 2015-06-11 |g 40.00 |l 0 |o 005 |p SOCS1635 |r 2015-06-11 |w 2015-06-11 |y BK | ||